| 000 | 01031nam a2200277Ia 4500 | ||
|---|---|---|---|
| 003 | OSt | ||
| 005 | 20221005111927.0 | ||
| 006 | a|||||r|||| 00| 0 | ||
| 007 | ta | ||
| 008 | 221004b |||||||| |||| 00| 0 san d | ||
| 020 |
_a9789383721962 (hbk) _c3495 |
||
| 024 | _a23424 | ||
| 037 |
_b202, 18/11/2015, Vidyanidhi Prakashan _cTextual |
||
| 040 |
_aCRL _cCRL _bsan |
||
| 041 |
_2san _asan |
||
| 082 | _aQ127:4x1,1, 152Q5 | ||
| 100 | _aकात्यायन | ||
| 245 | 0 | _aकात्यायनश्रौतसूत्रम् | |
| 246 | _aKātyāyanashrautasūtram | ||
| 260 |
_aवाराणसी _bचौखम्बा सुरभारती प्रकाशन भारत _c2015 |
||
| 300 |
_a878पृ0 _ccm. |
||
| 490 | _aचौखम्बा सुरभारती ग्रन्थमाला; 589 | ||
| 650 | _aधर्म | ||
| 942 |
_hQ127:4x1,1, 152Q5 _cTEXL _2cc |
||
| 999 |
_c1023328 _d1023328 |
||